[Event "IND-ch U15"]
[Site "Tiruchengode"]
[Date "2019.07.10"]
[Round "2"]
[White "Raja, Rithvik R"]
[Black "Chauhan, Narayan"]
[Result "1/2-1/2"]
[WhiteElo "2357"]
[BlackElo "1703"]
[PlyCount "130"]
[EventDate "2019.07.09"]
[EventType "swiss"]
[EventRounds "11"]
[EventCountry "IND"]
[SourceTitle "EXT 2020"]
[Source "ChessBase"]
[SourceDate "2019.10.17"]
[SourceVersion "1"]
[SourceVersionDate "2019.10.17"]
[SourceQuality "1"]

1. Nf3 Nf6 2. c4 e6 3. g3 b6 4. Bg2 Bb7 5. 0-0 c5 6. Nc3 Be7 7. Re1 0-0 8. e4 d6 9. d4 cxd4 10. Nxd4 a6 11. e5 dxe5 12. Bxb7 Ra7 13. Nc6 Qxd1 14. Nxe7+ Kh8 15. Rxd1 Rxb7 16. b3 b5 17. cxb5 axb5 18. Be3 Re8 19. Bc5 b4 20. Na4 Ne4 21. Rac1 Nxc5 22. Rxc5 Rbxe7 23. Rxe5 Rb7 24. Nc5 Rb5 25. Rd6 Ra5 26. Nd3 Rxa2 27. Rb5 g6 28. Nxb4 Ra7 29. Nd3 Kg7 30. b4 Nd7 31. Ra5 Rb7 32. Rd4 e5 33. Re4 Rc8 34. b5 f5 35. Rea4 Rc3 36. Ra3 Rxa3 37. Rxa3 Rxb5 38. Ra7 Rd5 39. Nxe5 Rxe5 40. Rxd7+ Kh6 41. h4 Re8 42. Kg2 Rh8 43. Kf3 g5 44. Rd6+ Kh5 45. hxg5 Kxg5 46. Kg2 Rg8 47. f4+ Kh5 48. Rf6 Rg6 49. Rf7 h6 50. Kh3 Rf6 51. Rg7 Re6 52. Rb7 Kg6 53. Kh4 Rd6 54. Rb5 Rd1 55. Rb6+ Kg7 56. Kh3 Rd2 57. g4 Rd3+ 58. Kh4 Rd4 59. Rb7+ Kf6 60. Rb6+ Kg7 61. Rb5 Rxf4 62. Rxf5 Rxf5 63. gxf5 Kf6 64. Kh5 Kxf5 65. Kxh6 Ke5 1/2-1/2